000 00298nam a22001217a 4500
040 _cSY
082 _a635
100 _aKHUM THOEUN; ឃុំ​ សឿន
245 _aBotanique forestries, រុក្ខជាតិព្រៃឈើ
260 _aRUA
_bKHU
_cNA
300 _a110p.
942 _cKB
999 _c9374
_d9374